000 00673cab a2200205 4500
001 ABS42915
008 090401t1990 xxu||||| |||| 00| 0 eng d
035 _a(Sirsi) u39559
041 _aeng
100 _aHindle, A.
245 _aRepairs and dilapidations - the tenant`s view
260 _c1990
350 _a0
490 _aFacilities
_v8(5) May 1990, 9(1)
520 _aDiscusses the case of Associated British Ports v CH Bailey plc (See Abs 42544) which gives tenants more powers under breach of repairing covenants .
650 _aLEASEHOLD PROPERTY REPAIRS ACT 1938
690 _aLANDLORD AND TENANT-BUSINESS TENANCIES
942 _n0
948 _c04/03/1997
999 _c25377
_d25377